Statistics for Countries that Beat Iran

Click here to take the quiz!

General Stats

  • This quiz has been taken 36 times
  • The average score is 10 of 13

Answer Stats

RankCategoryCountry(s)% Correct
4Greatest amount of oil reservesVenezuela, Saudi Arabia, Canada
94%
9Country's capital with the highest elevationBolivia, Ecuador, Bhutan, Columbia +5 more
88%
2Largest country bordering the Persian GulfSaudi Arabia
88%
3Has the most UNESCO World Heritage Sites In AsiaChina, India
85%
6Countries with the largest percentage of Muslims (Besides India)Indonesia, Pakistan, Bangladesh, Nigeria, Egypt
85%
3Most mentioned enemy of the United States (From 2020)Russia, China
85%
2Most populated country in the Middle EastTurkey
85%
7Least powerful passport (Fewest amount of countries you can visit without a visa)Afghanistan, Iraq, Syria, +3 more
82%
3Most populated urban area starting with 'T' (Name the country, not city)Japan, Taiwan
79%
2Countries that produce the most natural gasRussia
74%
3Countries with the largest former empireUnited Kingdom, Mongolia
74%
2Hottest recorded tempatureUnited States
74%
2Preforms the most gender-change operationsThailand
29%

Score Distribution

Percentile by Number Answered

Percent of People with Each Score

Your Score History

You have not taken this quiz